[Event "Chess24 Banter Blitz Cup"]
[Site "chess24.com INT"]
[Date "2020.03.16"]
[Round "3.10"]
[White "Edouard, Romain"]
[Black "Duda, Jan-Krzysztof"]
[Result "1/2-1/2"]
[WhiteTitle "GM"]
[BlackTitle "GM"]
[WhiteElo "2641"]
[BlackElo "2734"]
[WhiteFideId "633429"]
[BlackFideId "1170546"]
[EventDate "2019.09.25"]
[EventType "blitz"]

1. Nf3 d5 2. c4 d4 3. b4 c5 4. e3 dxe3 5. fxe3 cxb4 6. d4 Nf6 7. a3 bxa3 8. Bxa3
g6 9. Bd3 Bg7 10. O-O O-O 11. Nc3 Nc6 12. Qe1 b6 13. d5 Na5 14. e4 Ba6 15. e5
Nh5 16. Qe4 Rc8 17. g4 f5 18. exf6 Nxf6 19. Qe6+ Kh8 20. Bxe7 Qc7 21. Ne5 Rce8
22. d6 Qc5+ 23. Rf2 Bc8 24. Nf7+ Kg8 25. Nh6+ Kh8 26. Nf7+ Kg8 27. Nh6+ Kh8 28.
Nf7+ 1/2-1/2

[Event "Chess24 Banter Blitz Cup"]
[Site "chess24.com INT"]
[Date "2020.03.16"]
[Round "3.11"]
[White "Duda, Jan-Krzysztof"]
[Black "Edouard, Romain"]
[Result "0-1"]
[WhiteTitle "GM"]
[BlackTitle "GM"]
[WhiteElo "2734"]
[BlackElo "2641"]
[WhiteFideId "1170546"]
[BlackFideId "633429"]
[EventDate "2019.09.25"]
[EventType "blitz"]

1. e4 c5 2. Nf3 d6 3. d4 cxd4 4. Nxd4 Nf6 5. Nc3 Nc6 6. Bg5 g6 7. Bxf6 exf6 8.
Bb5 Bd7 9. Qd2 Bg7 10. O-O-O O-O 11. Nb3 Be6 12. Qxd6 Qb6 13. Qc5 Qc7 14. Nd5
Qb8 15. Bxc6 bxc6 16. Qxc6 Kh8 17. Nd4 Rc8 18. Qa4 f5 19. Qb3 Qe5 20. Nxe6 fxe6
21. f4 Qxe4 22. Rhe1 Qxg2 23. Rxe6 Rab8 24. Rc6 Rf8 25. Rd2 Qe4 26. Qe3 Bxb2+
27. Kd1 Qh1+ 28. Qe1 Qf3+ 29. Qe2 Qa3 30. Rc7 Rfe8 31. Rb7 Rbd8 32. Rd7 Qxa2 33.
Qe7 Qb1+ 34. Ke2 Rxe7+ 0-1

[Event "Chess24 Banter Blitz Cup"]
[Site "chess24.com INT"]
[Date "2020.03.16"]
[Round "3.12"]
[White "Edouard, Romain"]
[Black "Duda, Jan-Krzysztof"]
[Result "0-1"]
[WhiteTitle "GM"]
[BlackTitle "GM"]
[WhiteElo "2641"]
[BlackElo "2734"]
[WhiteFideId "633429"]
[BlackFideId "1170546"]
[EventDate "2019.09.25"]
[EventType "blitz"]

1. d4 Nf6 2. c4 e6 3. Nc3 Bb4 4. Nf3 c5 5. e3 O-O 6. Bd3 d5 7. O-O cxd4 8. exd4
dxc4 9. Bxc4 b6 10. Bg5 Bb7 11. Qe2 Nbd7 12. Rac1 h6 13. Bh4 Rc8 14. Bd3 Bxc3
15. bxc3 Qc7 16. c4 Qf4 17. Bg3 Qg4 18. h3 Qh5 19. Ne5 Nxe5 20. Bxe5 Qxe2 21.
Bxe2 Rfd8 22. Rfd1 Nd7 23. Bf4 f6 24. Be3 Ba6 25. Kf1 e5 26. d5 Rc7 27. Rc3 Rdc8
28. d6 Rc6 29. Bf3 Rxc4 30. Bd5+ Kf8 31. Bxc4 Rxc4 32. Rxc4 Bxc4+ 33. Ke1 a6 34.
a4 Kf7 35. Kd2 Ke6 36. Kc3 Bd5 37. Rb1 Bxg2 38. Bxb6 Kxd6 39. h4 g5 40. hxg5
hxg5 41. Be3 Bc6 42. a5 Ke6 43. Kb4 g4 44. Rc1 Bb5 45. Rc8 f5 46. Re8+ Kd5 47.
Rg8 Ke4 48. Bb6 Nf6 49. Rg6 Nd5+ 50. Kc5 Nf4 51. Rg8 Nd3+ 52. Kd6 Kf3 53. Ke6
Bc4+ 54. Kxf5 Bxg8 0-1

[Event "Chess24 Banter Blitz Cup"]
[Site "chess24.com INT"]
[Date "2020.03.23"]
[Round "4.1"]
[White "Grandelius, Nils"]
[Black "Abasov, Nijat"]
[Result "1/2-1/2"]
[WhiteTitle "GM"]
[BlackTitle "GM"]
[WhiteElo "2691"]
[BlackElo "2632"]
[WhiteFideId "1710400"]
[BlackFideId "13402960"]
[EventDate "2019.09.25"]
[EventType "blitz"]

1. Nf3 c5 2. c4 Nc6 3. Nc3 g6 4. e3 Nf6 5. d4 cxd4 6. exd4 d5 7. cxd5 Nxd5 8.
Qb3 e6 9. Bb5 Bg7 10. Bxc6+ bxc6 11. O-O O-O 12. Re1 Qb6 13. Qc2 Nxc3 14. bxc3
Rd8 15. Ba3 Ba6 16. Ne5 Qc7 17. Bc5 Rd5 18. Ng4 h5 19. Ne3 Rdd8 20. Red1 e5 21.
h3 exd4 22. Bxd4 Bh6 23. Qe4 Re8 24. Qf3 Re6 25. c4 Rae8 26. Rab1 Qe7 27. c5 Re4
28. Rb2 Rf4 29. Qxc6 Qe6 30. Qxe6 fxe6 31. Be5 Re4 32. Bd6 Bxe3 33. fxe3 Rxe3
34. Rf2 Bd3 35. Bf4 Be2 36. Re1 Rc3 37. Rfxe2 Rxc5 38. Rxe6 Rxe6 39. Rxe6 Kf7
40. Ra6 Rc2 41. Rxa7+ Kf6 42. h4 Kf5 43. Bg5 Rc4 44. Ra3 Kg4 45. Rf3 Rc1+ 46.
Kh2 Rh1+ 47. Kxh1 1/2-1/2

[Event "Chess24 Banter Blitz Cup"]
[Site "chess24.com INT"]
[Date "2020.03.23"]
[Round "4.2"]
[White "Abasov, Nijat"]
[Black "Grandelius, Nils"]
[Result "1-0"]
[WhiteTitle "GM"]
[BlackTitle "GM"]
[WhiteElo "2632"]
[BlackElo "2691"]
[WhiteFideId "13402960"]
[BlackFideId "1710400"]
[EventDate "2019.09.25"]
[EventType "blitz"]

1. c4 e6 2. Nf3 d5 3. d4 Nf6 4. g3 dxc4 5. Bg2 c6 6. O-O b5 7. Ne5 Bb7 8. a4 a6
9. Nc3 Be7 10. axb5 axb5 11. Rxa8 Bxa8 12. Nxb5 cxb5 13. Bxa8 O-O 14. Bg2 Nd5
15. e4 Nb4 16. d5 exd5 17. exd5 Bf6 18. Nc6 N8xc6 19. dxc6 Qxd1 20. Rxd1 Rc8 21.
Rd7 Nxc6 22. Rb7 Nd4 23. Be3 Nb3 24. Bd5 Bxb2 25. Bxf7+ Kh8 26. Rxb5 Bf6 27.
Bxc4 Nd4 28. Rb7 h6 29. Bd3 Nf3+ 30. Kh1 Bg5 31. Bf5 Rf8 32. Bb1 Bxe3 33. fxe3
Re8 34. Kg2 Nd2 35. Bg6 Rf8 36. Rf7 Rxf7 37. Bxf7 g5 38. Bd5 Kg7 39. Kf2 Kf6 40.
Ke2 Nb1 41. Kd3 Ke5 42. Bc6 Na3 43. Kc3 Nb1+ 44. Kc2 Na3+ 45. Kb3 Nb5 46. Bxb5
Ke4 47. Kc3 Kxe3 48. Be8 Kf2 49. Bh5 Kg2 50. g4 Kxh2 51. Kd4 Kg3 52. Ke5 Kf3 53.
Kf5 Ke3 54. Kg6 Kf4 55. Kxh6 Ke5 56. Kxg5 1-0

[Event "Chess24 Banter Blitz Cup"]
[Site "chess24.com INT"]
[Date "2020.03.23"]
[Round "4.3"]
[White "Grandelius, Nils"]
[Black "Abasov, Nijat"]
[Result "1-0"]
[WhiteTitle "GM"]
[BlackTitle "GM"]
[WhiteElo "2691"]
[BlackElo "2632"]
[WhiteFideId "1710400"]
[BlackFideId "13402960"]
[EventDate "2019.09.25"]
[EventType "blitz"]

1. Nf3 Nf6 2. c4 c5 3. Nc3 d5 4. cxd5 Nxd5 5. e3 e6 6. Bc4 Nxc3 7. bxc3 Nc6 8.
O-O Be7 9. d4 O-O 10. Qe2 b6 11. Rd1 Qc7 12. e4 Na5 13. Bd3 Bb7 14. h4 Rac8 15.
h5 Rfd8 16. h6 g6 17. g3 cxd4 18. cxd4 Qc6 19. Bf4 Bd6 20. Bg5 Rf8 21. Ne5 Bxe5
22. dxe5 Qc5 23. Bf6 Nc6 24. Rac1 Nd4 25. Qb2 Nf3+ 26. Kg2 Qd4 27. Qe2 Rxc1 28.
Rxc1 Nxe5 29. Bb1 Qd6 30. Qb2 Nd3 31. Bxd3 Qxd3 32. f3 Bxe4 33. fxe4 Qxe4+ 34.
Kh2 Qg4 35. Bh4 f6 36. Rc7 g5 37. Rg7+ Kh8 38. Rxg5 Qe4 39. Rg7 e5 40. Rc7 Qg6
41. Qd2 Qf5 42. Qd6 Qg6 43. Qxf8+ Qg8 44. Qxf6+ Qg7 45. Qxg7# 1-0

[Event "Chess24 Banter Blitz Cup"]
[Site "chess24.com INT"]
[Date "2020.03.23"]
[Round "4.4"]
[White "Abasov, Nijat"]
[Black "Grandelius, Nils"]
[Result "0-1"]
[WhiteTitle "GM"]
[BlackTitle "GM"]
[WhiteElo "2632"]
[BlackElo "2691"]
[WhiteFideId "13402960"]
[BlackFideId "1710400"]
[EventDate "2019.09.25"]
[EventType "blitz"]

1. e4 c5 2. Nf3 d6 3. Nc3 a6 4. g3 e6 5. Bg2 Nc6 6. O-O Nf6 7. a3 Be7 8. Rb1 O-O
9. b4 e5 10. d3 Rb8 11. bxc5 dxc5 12. Bg5 Be6 13. a4 h6 14. Bxf6 Bxf6 15. Nd2
Nb4 16. Nc4 b5 17. axb5 axb5 18. Ne3 Bg5 19. Ned5 Qd6 20. Nxb4 cxb4 21. Nd5 Bxd5
22. exd5 Rfc8 23. Rb2 Rc3 24. d4 Bf6 25. dxe5 Bxe5 26. Qb1 Rc4 27. Rb3 Bc3 28.
Qa2 Rcc8 29. Qa7 Re8 30. Rbb1 Re2 31. Qa2 Rbe8 32. Rbd1 Bf6 33. Qb3 Rc8 34. Rb1
Be7 35. Rbc1 Rc3 36. Qb2 Qc5 37. Qa2 Rcxc2 38. Qa8+ Bf8 39. Rxc2 Rxc2 40. d6
Qxd6 41. Bd5 Rd2 42. Bb3 Rd3 43. Bc2 Rc3 44. Bb1 b3 45. Qe4 Qg6 46. Qd4 Qf6 47.
Bh7+ Kxh7 0-1

[Event "Chess24 Banter Blitz Cup"]
[Site "chess24.com INT"]
[Date "2020.03.23"]
[Round "4.5"]
[White "Grandelius, Nils"]
[Black "Abasov, Nijat"]
[Result "1-0"]
[WhiteTitle "GM"]
[BlackTitle "GM"]
[WhiteElo "2691"]
[BlackElo "2632"]
[WhiteFideId "1710400"]
[BlackFideId "13402960"]
[EventDate "2019.09.25"]
[EventType "blitz"]

1. Nf3 Nf6 2. c4 e6 3. Nc3 d5 4. e3 Be7 5. b3 O-O 6. Bb2 b6 7. g3 Bb7 8. Bg2 c5
9. O-O Nc6 10. Qe2 Qd7 11. Rfd1 d4 12. exd4 Nxd4 13. Nxd4 Bxg2 14. Nxe6 Bb7 15.
Nxf8 Bxf8 16. d3 Re8 17. Ne4 Ng4 18. f3 Ne5 19. Bxe5 Rxe5 20. Qf2 f5 21. Nc3 Be7
22. d4 cxd4 23. Rxd4 Qe8 24. Rad1 h6 25. Rd7 Bc5 26. Rd8 Bxf2+ 27. Kxf2 Bc6 28.
Rxe8+ Rxe8 29. Rd6 Ba8 30. Rd7 a6 31. Rd6 b5 32. cxb5 axb5 33. Nxb5 Rc8 34. Nd4
Kh7 35. a4 Rc3 36. a5 Rc1 37. a6 Ra1 38. b4 g5 39. Nxf5 Ra2+ 40. Ke3 Ra3+ 41.
Kd4 Bxf3 42. Rxh6+ Kg8 43. b5 Kf7 44. Kc5 g4 45. Nd4 Ra2 46. h3 Kg7 47. Rh4 1-0

[Event "Chess24 Banter Blitz Cup"]
[Site "chess24.com INT"]
[Date "2020.03.23"]
[Round "4.6"]
[White "Abasov, Nijat"]
[Black "Grandelius, Nils"]
[Result "0-1"]
[WhiteTitle "GM"]
[BlackTitle "GM"]
[WhiteElo "2632"]
[BlackElo "2691"]
[WhiteFideId "13402960"]
[BlackFideId "1710400"]
[EventDate "2019.09.25"]
[EventType "blitz"]

1. d4 Nf6 2. Nf3 d5 3. Bg5 Ne4 4. Bf4 Bf5 5. e3 e6 6. Nbd2 Bd6 7. Ne5 Nd7 8.
Ndf3 h6 9. Bd3 Ndf6 10. O-O O-O 11. c4 dxc4 12. Bxc4 Nh5 13. Qe2 Nxf4 14. exf4
c6 15. Rac1 Nf6 16. Rfe1 Nd5 17. g3 Qb6 18. Red1 Rad8 19. Kg2 Rfe8 20. Bd3 f6
21. Nc4 Qc7 22. Nxd6 Qxd6 23. Nh4 Bxd3 24. Rxd3 Nxf4+ 25. gxf4 Qxf4 26. Rc5 Qxh4
27. Rh5 Qf4 28. Rg3 Kf8 29. Rg4 Qc7 30. Qf3 Qf7 31. Rh3 Rd5 32. Rhg3 Rg5 33. h4
Rxg4 34. Qxg4 Rd8 35. Qe4 f5 36. Qe5 Rd7 37. Qb8+ Qe8 38. Qxa7 Qd8 39. Qc5+ Qe7
40. Qa5 Qxh4 41. Qe5 Qe4+ 42. Qxe4 fxe4 43. Rb3 Ke7 44. Kg3 g5 45. Kg4 Kf6 46.
Kh5 e5 47. dxe5+ Kxe5 48. a4 Kf4 49. a5 g4 50. Rb4 Rd5+ 51. Kxh6 Rxa5 52. Rxb7
Rb5 53. Rf7+ Ke5 54. Rc7 Rxb2 55. Kg5 Rxf2 56. Re7+ Kd5 57. Re8 Rf3 58. Kxg4 c5
59. Rd8+ Kc4 60. Re8 Rd3 61. Rd8 Rd4 62. Rc8 Kd3 63. Kf4 e3+ 64. Kf3 c4 65. Re8
c3 66. Rxe3+ Kc2 67. Re2+ Rd2 68. Ke3 Rxe2+ 69. Kxe2 Kb2 0-1

[Event "Chess24 Banter Blitz Cup"]
[Site "chess24.com INT"]
[Date "2020.03.23"]
[Round "4.7"]
[White "Grandelius, Nils"]
[Black "Abasov, Nijat"]
[Result "1-0"]
[WhiteTitle "GM"]
[BlackTitle "GM"]
[WhiteElo "2691"]
[BlackElo "2632"]
[WhiteFideId "1710400"]
[BlackFideId "13402960"]
[EventDate "2019.09.25"]
[EventType "blitz"]

1. Nf3 d5 2. g3 Nf6 3. Bg2 c5 4. O-O Nc6 5. d4 e6 6. b3 Be7 7. Bb2 O-O 8. Nbd2
cxd4 9. Nxd4 Bd7 10. c4 Nxd4 11. Bxd4 Bc6 12. cxd5 Bxd5 13. Nf3 a6 14. Qd2 Ne4
15. Qb2 Bf6 16. Rfd1 Qe7 17. Ne5 Rac8 18. f3 Nc3 19. Bxc3 Qc5+ 20. Bd4 Bxe5 21.
Bxc5 Bxb2 22. Rab1 Rxc5 23. Rxb2 Rfc8 24. f4 Bxg2 25. Kxg2 Kf8 26. Kf3 Ke7 27.
Rbd2 R8c7 28. Ke3 h5 29. Rd4 Kf6 30. h3 Rc2 31. R1d2 Rc1 32. g4 hxg4 33. hxg4
Rg1 34. Kf3 Rcc1 35. g5+ Kg6 36. e3 Rgf1+ 37. Ke4 b5 38. a4 Rc5 39. axb5 Rxb5
40. b4 Rb1 41. Ra2 Rb6 42. Kf3 Rb3 43. Ra5 Rc6 44. Rc5 Rb6 45. Ra5 Rb2 46. Rc4
Rd6 47. Re4 Rdd2 48. Rxa6 Rf2+ 49. Kg3 Rg2+ 50. Kh3 Rg1 51. Rc4 Kh5 52. Ra7 Kg6
53. Ra8 Re1 54. Rc3 Ree2 55. Kg3 Rh2 56. Kf3 Kf5 57. Ra5+ Kg6 58. Ke4 Rhf2 59.
Rd3 Rxb4+ 60. Rd4 Rbb2 61. Rd3 Rbe2 62. Rd4 Re1 63. Ra6 Rfe2 64. Rd3 Rb2 65. f5+
Kxg5 66. fxe6 Rb4+ 67. Kf3 Rf1+ 68. Kg2 Rf6 69. Ra5+ Kg6 70. e7 Re4 71. Rd4 Rg4+
72. Rxg4+ Kh7 73. Rf4 1-0

[Event "Chess24 Banter Blitz Cup"]
[Site "chess24.com INT"]
[Date "2020.03.23"]
[Round "4.8"]
[White "Abasov, Nijat"]
[Black "Grandelius, Nils"]
[Result "1-0"]
[WhiteTitle "GM"]
[BlackTitle "GM"]
[WhiteElo "2632"]
[BlackElo "2691"]
[WhiteFideId "13402960"]
[BlackFideId "1710400"]
[EventDate "2019.09.25"]
[EventType "blitz"]

1. Nc3 d5 2. e4 dxe4 3. Nxe4 Nd7 4. Nf3 Ngf6 5. Ng3 g6 6. d4 Bg7 7. Bd3 O-O 8.
O-O c5 9. Re1 cxd4 10. Nxd4 Nc5 11. Be2 e5 12. Nb5 Be6 13. Be3 Nfd7 14. Qd6 a6
15. Nc7 Rc8 16. Nxe6 Nxe6 17. c3 Ndc5 18. Rad1 Qxd6 19. Rxd6 Na4 20. Bc1 Rfd8
21. Red1 Rxd6 22. Rxd6 Bf8 23. Rd5 Bg7 24. Ne4 Nd4 25. Bd1 Nb6 26. Rd6 Na8 27.
g4 f5 28. gxf5 gxf5 29. Ng3 Nc7 30. Rd7 Nce6 31. Bd2 Nc5 32. Rd5 Nde6 33. Nxf5
Bf8 34. Be3 Ne4 35. Bb3 Kh8 36. Rxe5 N6c5 37. Bd4 Nxb3 38. Re8+ Nxd4 39. Rxc8
Ne6 40. Nd4 Nxd4 41. Rxf8+ Kg7 42. Rb8 Nf3+ 43. Kg2 Nh4+ 44. Kf1 Nd6 45. Rd8
Nhf5 46. c4 Nxc4 47. Rd7+ Kf6 48. Rxb7 h5 49. b3 Nd2+ 50. Ke2 Ne4 51. Rb6+ Ke5
52. Rxa6 Nd4+ 53. Kf1 Nf3 54. Ra4 Nxh2+ 55. Ke2 1-0

[Event "Chess24 Banter Blitz Cup"]
[Site "chess24.com INT"]
[Date "2020.03.23"]
[Round "4.9"]
[White "Grandelius, Nils"]
[Black "Abasov, Nijat"]
[Result "1/2-1/2"]
[WhiteTitle "GM"]
[BlackTitle "GM"]
[WhiteElo "2691"]
[BlackElo "2632"]
[WhiteFideId "1710400"]
[BlackFideId "13402960"]
[EventDate "2019.09.25"]
[EventType "blitz"]

1. Nf3 e6 2. c3 d5 3. d4 Nf6 4. Bg5 c5 5. e3 Nc6 6. Nbd2 Be7 7. Bd3 O-O 8. Ne5
Nd7 9. Bf4 f5 10. Ndf3 Ndxe5 11. Nxe5 Nxe5 12. Bxe5 Bd6 13. Bg3 b6 14. O-O Qe7
15. Re1 Bb7 16. c4 cxd4 17. Bxd6 Qxd6 18. exd4 Rac8 19. Rc1 dxc4 20. Bxc4 Bd5
21. b3 h6 22. h3 Kh7 23. Qe2 Rfd8 24. Bxd5 Rxc1 25. Rxc1 Qxd5 26. Rc7 a5 27. Rc4
Rd6 28. Qe3 b5 29. Rc5 Qxd4 30. Qxd4 Rxd4 31. Rxb5 a4 32. bxa4 Rxa4 33. Re5 Rxa2
34. Rxe6 1/2-1/2

[Event "Chess24 Banter Blitz Cup"]
[Site "chess24.com INT"]
[Date "2020.03.23"]
[Round "4.10"]
[White "Abasov, Nijat"]
[Black "Grandelius, Nils"]
[Result "1/2-1/2"]
[WhiteTitle "GM"]
[BlackTitle "GM"]
[WhiteElo "2632"]
[BlackElo "2691"]
[WhiteFideId "13402960"]
[BlackFideId "1710400"]
[EventDate "2019.09.25"]
[EventType "blitz"]

1. e4 c5 2. Nf3 d6 3. Nc3 a6 4. a3 Nc6 5. d4 cxd4 6. Nxd4 Nf6 7. Be2 e6 8. O-O
Be7 9. Be3 O-O 10. Kh1 Nxd4 11. Bxd4 e5 12. Be3 Be6 13. f4 exf4 14. Bxf4 Rc8 15.
Bf3 Qb6 16. Rb1 Nd7 17. Nd5 Bxd5 18. exd5 Ne5 19. Bxe5 dxe5 20. Be2 e4 21. c4 f5
22. b4 Qh6 23. c5 Bg5 24. d6 Bf4 25. Qd5+ Kh8 26. h3 Qg5 27. Rb3 b5 28. c6 Rcd8
29. d7 Bc7 30. Rc3 Rf6 31. g4 Qh4 32. gxf5 Rd6 33. Qc5 Rd3 34. Rxd3 exd3 35. Bg4
Qg3 36. Qf2 Qd6 37. f6 Qxc6+ 38. Qf3 Qxf6 39. Qxf6 gxf6 40. Rxf6 d2 41. Rf7 Kg8
42. Re7 Kf8 43. Rxh7 Be5 44. Bd1 Bb2 45. Kg2 Kg8 46. Re7 Bf6 47. Re8+ Kf7 48.
Rxd8 Bxd8 49. Kf3 Ke6 50. Ke2 Kxd7 51. Kxd2 Bf6 52. Kc2 Kd6 53. Kb3 Kc6 54. a4
Kb6 55. axb5 axb5 56. Be2 Be7 57. Bd3 Bf6 58. Be2 Bg5 59. Bd3 Bh4 60. Be2 Be7
61. Bd3 Bf6 62. Be2 1/2-1/2

[Event "Chess24 Banter Blitz Cup"]
[Site "chess24.com INT"]
[Date "2020.03.23"]
[Round "4.11"]
[White "Grandelius, Nils"]
[Black "Abasov, Nijat"]
[Result "1/2-1/2"]
[WhiteTitle "GM"]
[BlackTitle "GM"]
[WhiteElo "2691"]
[BlackElo "2632"]
[WhiteFideId "1710400"]
[BlackFideId "13402960"]
[EventDate "2019.09.25"]
[EventType "blitz"]

1. Nf3 e6 2. g3 d5 3. Bg2 Nf6 4. O-O Be7 5. c4 O-O 6. b3 b6 7. Nc3 Bb7 8. d4 c5
9. dxc5 dxc4 10. cxb6 Qxd1 11. Rxd1 cxb3 12. bxa7 Rxa7 13. a4 Nd5 14. Nb5 Ra6
15. Nfd4 Bf6 16. Ra3 Be7 17. Rxb3 Rxa4 18. Nc7 Rb4 19. Nxd5 exd5 20. Rxb4 Bxb4
21. Be3 Ba6 22. Bxd5 Nd7 23. Kf1 Ne5 24. Nc6 Nxc6 25. Bxc6 Rc8 26. Bf3 g6 27. h4
h5 28. Rd7 Bc4 29. Bd4 Be6 30. Rb7 Bc3 31. Be3 Bh3+ 32. Kg1 Be6 33. Kg2 Bf6 34.
Ra7 Kg7 35. Ra5 Rc2 36. Bf4 Rb2 37. Ra6 Bc4 38. Bh6+ Kxh6 39. Rxf6 Kg7 40. Rf4
Bxe2 41. Bd5 f5 42. Bf3 Bxf3+ 43. Rxf3 1/2-1/2

[Event "Chess24 Banter Blitz Cup"]
[Site "chess24.com INT"]
[Date "2020.03.23"]
[Round "4.12"]
[White "Abasov, Nijat"]
[Black "Grandelius, Nils"]
[Result "0-1"]
[WhiteTitle "GM"]
[BlackTitle "GM"]
[WhiteElo "2632"]
[BlackElo "2691"]
[WhiteFideId "13402960"]
[BlackFideId "1710400"]
[EventDate "2019.09.25"]
[EventType "blitz"]

1. e4 c5 2. c3 Nf6 3. e5 Nd5 4. Nf3 e6 5. d4 cxd4 6. cxd4 b6 7. Bd3 Ba6 8. O-O
Bxd3 9. Qxd3 Nc6 10. Nc3 Nxc3 11. bxc3 Be7 12. Re1 O-O 13. Bf4 Rc8 14. d5 exd5
15. Qxd5 Na5 16. Rad1 Rxc3 17. Qxd7 Qxd7 18. Rxd7 Nc6 19. h3 b5 20. Rb7 b4 21.
Rd1 Bc5 22. Rd2 Na5 23. Rb5 Nc6 24. Rb7 Bb6 25. Bg3 h6 26. Kh2 Nd8 27. Rbd7 Ne6
28. Nh4 a5 29. Nf5 a4 30. Rb7 Bc5 31. Nd6 b3 32. axb3 Rxb3 33. Rd7 a3 34. Ra2
Rb2 35. Rxb2 axb2 36. Rb7 Bd4 37. Nf5 Bc3 38. Ne7+ Kh7 39. Nd5 Bd4 40. Ne3 Rc8
41. Nf5 Bc3 42. Nd6 Rc7 43. Rb8 Bd4 44. Ne4 Rc1 45. Nd2 Rd1 46. Nf3 0-1

[Event "Chess24 Banter Blitz Cup"]
[Site "chess24.com INT"]
[Date "2020.03.23"]
[Round "4.13"]
[White "Grandelius, Nils"]
[Black "Abasov, Nijat"]
[Result "1-0"]
[WhiteTitle "GM"]
[BlackTitle "GM"]
[WhiteElo "2691"]
[BlackElo "2632"]
[WhiteFideId "1710400"]
[BlackFideId "13402960"]
[EventDate "2019.09.25"]
[EventType "blitz"]

1. Nf3 d5 2. d4 Nf6 3. c4 c5 4. cxd5 cxd4 5. Qxd4 Qxd5 6. Nc3 Qxd4 7. Nxd4 a6 8.
g3 e5 9. Nc2 Nc6 10. Bg2 Bd7 11. O-O Rc8 12. Bg5 Be7 13. Rfd1 Be6 14. Rac1 h6
15. Bxf6 Bxf6 16. Bd5 Bd7 17. Bxf7+ Ke7 18. Bd5 Nd4 19. Nxd4 exd4 20. Ne4 Rxc1
21. Rxc1 Be5 22. Bxb7 a5 23. Ba6 Rb8 24. b3 a4 25. Rc5 Bd6 26. Rd5 Ba3 27. Rxd4
axb3 28. axb3 Rxb3 29. Kg2 Bc6 30. Bd3 g5 31. f3 Rb2 32. Rc4 Bd5 33. Ra4 Bb4 34.
Ra6 g4 35. Rxh6 Ra2 36. Rh5 Ba8 37. Re5+ Kf8 38. Rf5+ Ke7 39. Re5+ Kf8 40. Rf5+
Ke8 41. Nf6+ Ke7 42. Nxg4 Bc3 43. Rc5 Bd4 44. Rc1 Ke6 45. h4 Kf7 46. h5 1-0

[Event "Chess24 Banter Blitz Cup"]
[Site "chess24.com INT"]
[Date "2020.03.24"]
[Round "2.1"]
[White "Dominguez Perez, Leinier"]
[Black "Abdusattorov, Nodirbek"]
[Result "0-1"]
[WhiteTitle "GM"]
[BlackTitle "GM"]
[WhiteElo "2763"]
[BlackElo "2608"]
[WhiteFideId "3503240"]
[BlackFideId "14204118"]
[EventDate "2019.09.25"]
[EventType "blitz"]

1. d4 Nf6 2. Nf3 e6 3. e3 d5 4. Bd3 Bd6 5. O-O O-O 6. b3 c5 7. Bb2 Nc6 8. dxc5
Bxc5 9. Nbd2 Qe7 10. c4 Ba3 11. Qc1 Bxb2 12. Qxb2 Rd8 13. Rfd1 Bd7 14. Rac1 Rac8
15. a3 Be8 16. b4 b6 17. h3 h6 18. Bf1 dxc4 19. Nxc4 Rxd1 20. Rxd1 Rd8 21. Rxd8
Qxd8 22. Nfe5 Nxe5 23. Qxe5 Bc6 24. Qd6 Qxd6 25. Nxd6 Bd7 26. e4 Kf8 27. e5 Nd5
28. Bc4 Ke7 29. g3 f6 30. f4 fxe5 31. fxe5 Ne3 32. Bd3 Nf5 33. Nxf5+ exf5 34.
Bc4 Be6 35. Bd3 g6 36. Kf2 Bd5 37. Ke3 Be6 38. h4 g5 39. hxg5 hxg5 40. Kd4 Kd7
41. Bb5+ Ke7 42. Bd3 Kf7 43. Bb5 Kg6 44. Be2 f4 45. g4 Kf7 46. Bf3 Ke7 47. Be2
Bd7 48. Bf3 Bc8 49. Be2 Bb7 50. Bc4 Bc6 51. Be2 f3 52. Bd3 Bd7 53. Ke3 Bxg4 54.
Bc4 Bh5 55. Bd5 g4 56. Kf2 Bf7 57. Bb7 Ke6 58. Bc8+ Kxe5 59. Bxg4 Bd5 60. Bxf3
Bxf3 61. Kxf3 Kd4 62. Kf4 Kc4 63. Ke4 Kb3 64. Kd5 Kxa3 65. b5 Kb4 66. Kc6 Ka5 0-1

[Event "Chess24 Banter Blitz Cup"]
[Site "chess24.com INT"]
[Date "2020.03.24"]
[Round "2.2"]
[White "Abdusattorov, Nodirbek"]
[Black "Dominguez Perez, Leinier"]
[Result "1/2-1/2"]
[WhiteTitle "GM"]
[BlackTitle "GM"]
[WhiteElo "2608"]
[BlackElo "2763"]
[WhiteFideId "14204118"]
[BlackFideId "3503240"]
[EventDate "2019.09.25"]
[EventType "blitz"]

1. e4 e5 2. Nf3 Nc6 3. Bb5 Nf6 4. O-O Nxe4 5. Re1 Nd6 6. Nxe5 Be7 7. Bf1 Nxe5 8.
Rxe5 O-O 9. Nc3 Ne8 10. Nd5 Bd6 11. Re1 c6 12. Ne3 Be7 13. Nf5 Bg5 14. Qe2 d5
15. Ne7+ Kh8 16. Nxc8 Rxc8 17. d4 Bxc1 18. Raxc1 Nd6 19. c3 Re8 20. Qf3 Qg5 21.
g3 Kg8 22. Rcd1 Kf8 23. h4 Qh6 24. Bd3 Rxe1+ 25. Rxe1 Re8 26. Rxe8+ Nxe8 27. Kg2
Nd6 28. Qe2 Qf6 29. f4 h6 30. Qe5 Qe7 31. Kf3 f6 32. Qxe7+ Kxe7 33. h5 f5 34. g4
Kf6 35. a4 a5 36. gxf5 Nxf5 37. Bc2 Nd6 38. Bd3 b6 39. b3 Nf5 40. Ba6 Nd6 41.
Bd3 Nf5 42. Bc2 Nd6 43. Bb1 Nf5 44. Bd3 Nd6 45. b4 Ke6 46. bxa5 bxa5 47. Ke3
Nf5+ 48. Kf3 Nd6 49. Ke2 Kf6 50. Kd2 Ke6 51. Ke3 Nf5+ 52. Kf3 Nd6 1/2-1/2

[Event "Chess24 Banter Blitz Cup"]
[Site "chess24.com INT"]
[Date "2020.03.24"]
[Round "2.3"]
[White "Dominguez Perez, Leinier"]
[Black "Abdusattorov, Nodirbek"]
[Result "0-1"]
[WhiteTitle "GM"]
[BlackTitle "GM"]
[WhiteElo "2763"]
[BlackElo "2608"]
[WhiteFideId "3503240"]
[BlackFideId "14204118"]
[EventDate "2019.09.25"]
[EventType "blitz"]

1. e4 e5 2. Nf3 Nc6 3. Bb5 a6 4. Ba4 Nf6 5. O-O Be7 6. Re1 b5 7. Bb3 O-O 8. a4
Bb7 9. d3 d6 10. Nbd2 Nd7 11. axb5 axb5 12. Rxa8 Qxa8 13. c3 Nc5 14. Bc2 b4 15.
Nf1 bxc3 16. bxc3 Qa1 17. d4 Nd7 18. Bd2 Qxd1 19. Rxd1 Bf6 20. Be3 Ra8 21. Rb1
Bc8 22. N1d2 g6 23. h3 Rb8 24. Rxb8 Ndxb8 25. Bd3 Kf8 26. Kf1 Nd7 27. Bb5 Nd8
28. d5 Ke7 29. Ke2 Bb7 30. c4 c6 31. Ba4 cxd5 32. cxd5 Ba6+ 33. Kd1 Nb7 34. Bc2
Nbc5 35. Ne1 Bg7 36. f3 h5 37. Nb3 Nxb3 38. Bxb3 f5 39. Bc2 fxe4 40. Bxe4 Kf7
41. Bg5 Bf6 42. Be3 Bd8 43. Nc2 Nf6 44. Nb4 Bf1 45. g4 Bxh3 46. gxh5 gxh5 47.
Bd3 Bd7 48. Bg5 Bb6 49. Bxf6 Kxf6 50. Nc6 Kg5 51. Ke2 h4 0-1

[Event "Chess24 Banter Blitz Cup"]
[Site "chess24.com INT"]
[Date "2020.03.24"]
[Round "2.4"]
[White "Abdusattorov, Nodirbek"]
[Black "Dominguez Perez, Leinier"]
[Result "1/2-1/2"]
[WhiteTitle "GM"]
[BlackTitle "GM"]
[WhiteElo "2608"]
[BlackElo "2763"]
[WhiteFideId "14204118"]
[BlackFideId "3503240"]
[EventDate "2019.09.25"]
[EventType "blitz"]

1. c4 e6 2. Nf3 d5 3. e3 Nf6 4. b3 b6 5. Bb2 Bb7 6. cxd5 exd5 7. d4 Nbd7 8. g3
Bd6 9. Bg2 Qe7 10. O-O h5 11. Nc3 a6 12. Ne2 Ne4 13. Rc1 O-O-O 14. Nf4 g5 15.
Nd3 f6 16. Nd2 h4 17. Re1 hxg3 18. hxg3 Qh7 19. Nf1 Kb8 20. a3 Rdg8 21. Nb4 Rg6
22. Nd2 Qh2+ 23. Kf1 g4 24. Nxe4 dxe4 25. Nc6+ Bxc6 26. Rxc6 f5 27. Qc2 Rgh6 28.
Rc1 Rc8 29. Qc4 a5 30. b4 a4 31. Qb5 Bxg3 32. Rxh6 Qxh6 33. fxg3 Qxe3 34. Qxd7
Qd3+ 35. Kf2 Qd2+ 36. Kg1 Qe3+ 37. Kf1 Qd3+ 38. Ke1 Qe3+ 39. Kd1 Qd3+ 40. Ke1
Qe3+ 41. Kf1 1/2-1/2